000 01747cam a22004694i 4500
003 PE-LiUPU
005 20250731172709.0
008 150617s r 000 0 d
020 _a8430109765
035 _a(Sirsi) i9788430109760
040 _aPE-LiUPU
_bspa
_cPE-LiUPU
_erda
049 _aPRUA
082 0 4 _a232.908
_bF11
_221
100 1 _aFabris, Rinaldo,
_eautor.
245 1 0 _aJesús de nazareth: historia e interpretación /
_cRinaldo Fabris.
264 1 _aSalamanca :
_bEdicione Sígueme,
_c1985.
300 _a342 páginas ;
_c22 centímetros.
336 _atext
_2rdacontent
337 _aunmediated
_2rdamedia
338 _avolume
_2rdacarrier
490 0 _aVerdad e imágen ;
_v93
505 0 _aEl debate histórico sobre Jesús -- Las fuentes y el método -- Ambiente, orígenes y estado civil de Jesús -- El proyecto de Jesús -- La actuación del proyecto -- ¿Quién es Jesús? -- Jesús ante su propia muerte -- La muerte de Cruz -- La victoria sobre la muerte -- El debate continúa.
526 _aSEG42
526 _aSEG41
526 _aSEG40
526 _aSEG39
526 _aP94
526 _aP87
526 _aP86
526 _aP85
526 _aP77
526 _aP76
526 _aP35
600 1 _aJESUCRISTO
_xHISTORICIDAD
_95046
910 _ajck
_bjvq
_cjck
_d20150616
942 _2ddc
_cBOOK
949 _a232.908 F11
_wDEWEY
_c1
_i24567
_lCCODEBUL1
_mBUL
_r0
_sY
_tBOOK
_u2015-4-21
_xTEOLOGIA
_PP35
_0COMPRA
_o.STAFF. Colección General
994 _aC0
_bPEPRU
596 _a1
999 _a232.908 F11
_wDEWEY
_c461
_i24567
_d461
_f2021-11-10
_g5
_lCCODEBUL1
_mBUL
_q1
_r0
_sY
_tBOOK
_u2015-4-21
_xTEOLOGIA
_PP35
_0COMPRA
_o.STAFF. Colección General
980 _81
_gALBERTO SANCHEZ Responsable de Automatización